Účtovanie v organizáciách neziskovej sféry od 1. januára 2003

V nadväznosti na prijatý zákon č. 431/2002 Z.z. o účtovníctve MF SR vypracovalo opatrenie č. 22 502/2002-92, ktorým sa ustanovujú podrobnosti o postupoch účtovania a účtovnej osnovy pre účtovné jednotky, ktoré nie sú založené alebo zriadené za účelom podnikania. Obsah nového opatrenia a jeho podstat...

ver descrição completa

Na minha lista:
Detalhes bibliográficos
Autor principal: Vršková, Jana
Formato: Capítulo de Livro
Idioma:eslovaco
Assuntos:
Tags: Adicionar Tag
Sem tags, seja o primeiro a adicionar uma tag!

MARC

LEADER 00000naa a2200000 4500
001 r048218
005 20231002123921.5
041 0 |a slo 
044 |a SK 
245 1 0 |a Účtovanie v organizáciách neziskovej sféry od 1. januára 2003  |c Jana Vršková 
520 |a V nadväznosti na prijatý zákon č. 431/2002 Z.z. o účtovníctve MF SR vypracovalo opatrenie č. 22 502/2002-92, ktorým sa ustanovujú podrobnosti o postupoch účtovania a účtovnej osnovy pre účtovné jednotky, ktoré nie sú založené alebo zriadené za účelom podnikania. Obsah nového opatrenia a jeho podstatné zmeny. 
610 2 0 |a organizácie neziskové 
610 2 0 |a účtovanie 
610 2 0 |a opatrenia 
610 2 0 |a osnova účtová 
610 2 0 |a účtovanie nákladov 
610 2 0 |a združenia občianske 
610 2 0 |a strany politické 
610 2 0 |a nadácie 
100 1 |a Vršková, Jana